5HLuxD.jpg

KING HENRY VIII SENIOR AND PRIMARY SCHOOL LIBRARY OPAC

The samurai's tale / (Record no. 57)

000 -LEADER
fixed length control field 01023nam a2200277Ia 4500
001 - CONTROL NUMBER
control field 61410869
003 - CONTROL NUMBER IDENTIFIER
control field OCoLC
005 - DATE AND TIME OF LATEST TRANSACTION
control field 20190724144632.0
008 - FIXED-LENGTH DATA ELEMENTS--GENERAL INFORMATION
fixed length control field 050902t20051984mauab j 000 1 eng d
020 ## - INTERNATIONAL STANDARD BOOK NUMBER
International Standard Book Number 0618615121 (pbk.)
020 ## - INTERNATIONAL STANDARD BOOK NUMBER
International Standard Book Number 9780618615124 (pbk.)
040 ## - CATALOGING SOURCE
Original cataloging agency UUC
Transcribing agency UUC
Modifying agency KH8
082 ## - DEWEY DECIMAL CLASSIFICATION NUMBER
Classification number FIC HAU
091 ## - MICROFILM SHELF LOCATION (AM) [OBSOLETE]
Microfilm shelf location FIC
100 1# - MAIN ENTRY--PERSONAL NAME
Personal name Haugaard, Erik Christian.
Relator term author
245 14 - TITLE STATEMENT
Title The samurai's tale /
Statement of responsibility, etc. Erik Christian Haugaard.
260 ## - PUBLICATION, DISTRIBUTION, ETC.
Place of publication, distribution, etc. Boston :
Name of publisher, distributor, etc. Houghton Mifflin,
Date of publication, distribution, etc. [2005], c1984.
300 ## - PHYSICAL DESCRIPTION
Extent xiv, 234 p. :
Other physical details map ;
Dimensions 20 cm.
520 ## - SUMMARY, ETC.
Summary, etc. In turbulent sixteenth-century Japan, orphaned Taro is taken in by a general serving the great warlord Takeda Shingen and grows up to become a samurai fighting for the enemies of his dead family.
650 #0 - SUBJECT ADDED ENTRY--TOPICAL TERM
Topical term or geographic name entry element Samurai
Form subdivision Fiction.
651 #0 - SUBJECT ADDED ENTRY--GEOGRAPHIC NAME
Geographic name Japan
General subdivision History
Chronological subdivision Period of civil wars, 1480-1603
Form subdivision Fiction.
856 42 - ELECTRONIC LOCATION AND ACCESS
Materials specified Publisher description
Uniform Resource Identifier <a href="http://www.loc.gov/catdir/description/hm021/2001267001.htm l">http://www.loc.gov/catdir/description/hm021/2001267001.htm l</a>
901 ## - LOCAL DATA ELEMENT A, LDA (RLIN)
a abm
942 ## - ADDED ENTRY ELEMENTS (KOHA)
Source of classification or shelving scheme
Koha item type Books - Fiction
Holdings
Withdrawn status Lost status Source of classification or shelving scheme Damaged status Not for loan Collection code Permanent Location Current Location Shelving location Date acquired Total Checkouts Full call number Barcode Date last seen Date last checked out Price effective from Koha item type
          Fiction KH8 Senior School Library KH8 Senior School Library Fiction 2019-07-24 1 FIC HAU 3KHSL000101171 2024-11-08 2024-09-25 2019-07-24 Books - Fiction

Powered By KH8 IT Dept